Fourth Wing Series (The Empyrean) Last Names - Statistics

General Stats
  • This quiz has been taken 43 times
  • The average score is 16 of 19
Answer Stats
First Name Last Name % Correct
Violet Sorrengail
100%
Brennan Sorrengail
100%
Mira Sorrengail
100%
Lilith Sorrengail
100%
Xaden Riorson
97%
Fen Riorson
97%
Jack Barlowe
95%
Dain Aetos
92%
Aaric Graycastle
89%
Liam Mairi
86%
Rhiannon Matthias
78%
Garrick Tavis
78%
Ridoc Gamlyn
76%
Amber Mavis
76%
Jesinia Neilwart
76%
Imogen Cardulo
73%
Camlean Tauri
73%
Sawyer Henrick
70%
Bodhi Durran
62%
No matching quizzes found
Score Distribution
Percent of People with Each Score
Percentile by Number Answered
Your Score History
You have not taken this quiz